| 000 | 01043cam a2200301 a 4500 | ||
|---|---|---|---|
| 001 | 13524444 | ||
| 003 | ARRUPE | ||
| 005 | 20211019093427.0 | ||
| 008 | 040109s2003 enk b 000 0 eng d | ||
| 010 | _a 2004396867 | ||
| 020 | _a1861976127 | ||
| 035 | _a(OCoLC)ocm53999333 | ||
| 040 |
_aIEKBA _cIEKBA _dDLC |
||
| 042 | _alccopycat | ||
| 050 | 0 | 0 |
_aPE1450 _b.T75 2003 |
| 082 | 0 | 0 |
_a428.2 _222 |
| 100 | 1 |
_aTruss, Lynne. _950541 |
|
| 245 | 1 | 0 |
_aEats, shoots & leaves : _bthe zero tolerance approach to punctuation / _cLynne Truss. |
| 246 | 3 | _aEats, shoots, and leaves | |
| 260 |
_aLondon : _bProfile Books, _c2003. |
||
| 300 |
_ax, 209 p. ; _c20 cm. |
||
| 504 | _aIncludes bibliographical references (p. 205-209). | ||
| 650 | 0 |
_aEnglish language _xPunctuation. _942784 |
|
| 906 |
_a7 _bcbc _ccopycat _d1 _encip _f20 _gy-gencatlg |
||
| 942 |
_2lcc _cMONOGRAPH |
||
| 999 |
_c130913 _d130913 |
||